| 000 | 00656nam a2200193 a 4500 | ||
|---|---|---|---|
| 003 | 0 | ||
| 005 | 20250305145752.0 | ||
| 008 | 101013s19uu xx 00 eng d | ||
| 050 |
_aPHS LB 1062.6 _b.K49 2010 |
||
| 100 | _aKim, Hyung Soo. | ||
| 245 |
_aMetacognitive skills of Koreans and Filipinos / _cHyung Soo Kim. |
||
| 260 |
_aLas PiƱas City, Philippines : _bSouthville International School and Colleges, _c2010. |
||
| 300 |
_a24 pages : _billustrations ; _c30 cm. |
||
| 504 | _aIncludes bibliographical references. | ||
| 650 | _aMetacognitive skills. | ||
| 650 | _aMetacognition. | ||
| 650 |
_aCognition _xCross-cultural studies. |
||
| 942 |
_2lcc _cPASS |
||
| 999 |
_c98444 _d98444 |
||